[Event "Mittelfranken Landesliga Nord 2122"]
[Site "Mittelfranken"]
[Date "2022.03.20"]
[Round "4.7"]
[White "Ter Akopyan, Bagrat"]
[Black "Gloth, Gerrit"]
[Result "1-0"]
[WhiteElo "2045"]
[BlackElo "1973"]
[PlyCount "62"]
[EventDate "2021.10.24"]
[EventType "team-tourn"]
[EventRounds "9"]
[EventCountry "GER"]
[SourceTitle "EXT 2024"]
[Source "ChessBase"]
[SourceDate "2023.10.10"]
[SourceVersion "1"]
[SourceVersionDate "2023.10.10"]
[SourceQuality "1"]
[WhiteTeam "Herzogenaurach"]
[BlackTeam "Erlangen II"]
[WhiteTeamCountry "GER"]
[BlackTeamCountry "GER"]

1. e4 Nf6 2. e5 Nd5 3. d4 d6 4. c4 Nb6 5. f4 dxe5 6. fxe5 Nc6 7. Be3 Bf5 8. Nc3 e6 9. Be2 Qd7 10. Nf3 Be7 11. 0-0 0-0-0 12. Qd2 f6 13. Rad1 h6 14. Kh1 Rhf8 15. Qc1 Kb8 16. Bg1 Qe8 17. Qe3 Bg4 18. b3 fxe5 19. dxe5 Qh5 20. Rde1 Bb4 21. Bf2 Nd7 22. Bg3 Bc5 23. Qc1 Nd4 24. Nxd4 Bxd4 25. Bxg4 Qxg4 26. Re4 Rxf1+ 27. Qxf1 Rf8 28. Qd3 Qf5 29. Qxd4 Qf1+ 30. Qg1 Qd3 31. Rd4 Qf1 1-0

[Event "Oberliga Bayern 1314"]
[Site "Bayern"]
[Date "2014.03.16"]
[Round "8.7"]
[White "Lentrodt, Thomas"]
[Black "Ter Akopyan, Bagrat"]
[Result "1-0"]
[WhiteElo "2252"]
[BlackElo "2029"]
[PlyCount "121"]
[EventDate "2013.10.13"]
[EventType "team-tourn"]
[EventRounds "9"]
[EventCountry "GER"]
[SourceTitle "EXT 2015"]
[Source "ChessBase"]
[SourceDate "2014.11.20"]
[SourceVersion "1"]
[SourceVersionDate "2014.11.20"]
[SourceQuality "1"]
[WhiteTeam "Bayern Muenchen II"]
[BlackTeam "Puschendorf"]
[WhiteTeamCountry "GER"]
[BlackTeamCountry "GER"]

1. d4 d5 2. c4 e5 3. dxe5 d4 4. Nf3 Nc6 5. a3 a5 6. Bg5 Be7 7. Bxe7 Ngxe7 8. Nbd2 0-0 9. Nb3 Nf5 10. g3 Qe7 11. Bg2 a4 12. Nc1 Nxe5 13. Nxe5 Qxe5 14. Nd3 Qe7 15. 0-0 c6 16. Qd2 Be6 17. Rac1 Rfe8 18. Rfe1 Nd6 19. Qb4 Bf5 20. Nc5 Ne4 21. Nxe4 Bxe4 22. Qxe7 Rxe7 23. Bxe4 Rxe4 24. c5 Re5 25. Rc4 Rd8 26. Kf1 h5 27. Rd1 Rdd5 28. Rdxd4 Rxc5 29. Rxc5 Rxc5 30. Rxa4 b5 31. Rb4 Rc1+ 32. Kg2 Ra1 33. Kf3 g6 34. Ke3 Kf8 35. Kd2 Ke7 36. Rd4 Rb1 37. Kc2 Rf1 38. Rf4 Ke6 39. h4 f6 40. Kd2 Rb1 41. Rb4 Kd5 42. Ke3 Kd6 43. Kf4 Kc5 44. e4 Kb6 45. e5 fxe5+ 46. Kxe5 c5 47. Rb3 c4 48. Rb4 Kc5 49. Kf6 Rf1 50. Kxg6 Rxf2 51. Kxh5 Rf8 52. g4 Rh8+ 53. Kg5 Rg8+ 54. Kf4 Rf8+ 55. Kg3 Ra8 56. g5 c3 57. bxc3 Rxa3 58. Rb1 Rxc3+ 59. Kg4 Rc4+ 60. Kh5 Rc2 61. Kh6 1-0

[Event "Oberliga Bayern 1314"]
[Site "Bayern"]
[Date "2014.02.23"]
[Round "7.7"]
[White "Ter Akopyan, Bagrat"]
[Black "Bergauz, Noam"]
[Result "0-1"]
[WhiteElo "2029"]
[BlackElo "1950"]
[PlyCount "104"]
[EventDate "2013.10.13"]
[EventType "team-tourn"]
[EventRounds "9"]
[EventCountry "GER"]
[SourceTitle "EXT 2015"]
[Source "ChessBase"]
[SourceDate "2014.11.20"]
[SourceVersion "1"]
[SourceVersionDate "2014.11.20"]
[SourceQuality "1"]
[WhiteTeam "Puschendorf"]
[BlackTeam "Muenchen Suedost"]
[WhiteTeamCountry "GER"]
[BlackTeamCountry "GER"]

1. d4 Nf6 2. g3 g6 3. Bg2 Bg7 4. e4 d6 5. Ne2 0-0 6. h3 Nbd7 7. 0-0 c5 8. Nbc3 cxd4 9. Nxd4 Ne5 10. f4 Nc6 11. Nb3 a5 12. a4 Qb6+ 13. Kh2 Nb4 14. Qe2 Be6 15. Be3 Qc7 16. Qf2 Nd7 17. Nd4 Bc4 18. Rfd1 Rfc8 19. Rac1 Qb8 20. Nd5 Nxd5 21. exd5 Nf6 22. Ne2 b5 23. b3 Bxe2 24. Qxe2 bxa4 25. bxa4 Qb4 26. Bd2 Qxa4 27. Qxe7 Qd7 28. Qe3 Qb7 29. Qa3 Qc7 30. Be3 Qc3 31. Rd3 Qxa3 32. Rxa3 Nd7 33. Bf1 Bb2 34. Ra2 Bxc1 35. Bxc1 Nf6 36. Ba3 Nxd5 37. Bg2 Nc3 38. Ra1 Ra7 39. Bxd6 a4 40. h4 Nb5 41. Be5 Rxc2 42. Rd1 Rc8 43. Bc6 f6 44. Bxb5 fxe5 45. fxe5 a3 46. e6 a2 47. Bd7 Rc2+ 48. Kh3 Re2 49. Bb5 Re5 50. Rd8+ Kg7 51. Rd7+ Rxd7 52. exd7 a1Q 0-1

[Event "Oberliga Bayern 1314"]
[Site "Bayern"]
[Date "2013.11.24"]
[Round "3.6"]
[White "Lavrinenkov, Vadim"]
[Black "Ter Akopyan, Bagrat"]
[Result "0-1"]
[WhiteElo "2123"]
[BlackElo "2029"]
[PlyCount "80"]
[EventDate "2013.10.13"]
[EventType "team-tourn"]
[EventRounds "9"]
[EventCountry "GER"]
[SourceTitle "EXT 2015"]
[Source "ChessBase"]
[SourceDate "2014.11.20"]
[SourceVersion "1"]
[SourceVersionDate "2014.11.20"]
[SourceQuality "1"]
[WhiteTeam "Kriegshaber"]
[BlackTeam "Puschendorf"]
[WhiteTeamCountry "GER"]
[BlackTeamCountry "GER"]

1. e4 c5 2. Nf3 d6 3. Bb5+ Bd7 4. Bxd7+ Nxd7 5. 0-0 e5 6. c3 Ngf6 7. Re1 Be7 8. d4 0-0 9. Bg5 Qb6 10. dxe5 Nxe5 11. b3 h6 12. Bh4 c4 13. Nd4 Ng6 14. Bg3 d5 15. exd5 Nxd5 16. bxc4 Nf6 17. Nd2 Rfe8 18. Rb1 Qa5 19. Nb5 Rac8 20. Nb3 Qa4 21. Nc7 Red8 22. Qe2 Bd6 23. Bxd6 Rxd6 24. c5 Rc6 25. Nb5 Re6 26. Qf1 Rxe1 27. Rxe1 Qxa2 28. N5d4 a6 29. h3 Qb2 30. c6 bxc6 31. Qxa6 Rb8 32. Qxc6 Rxb3 33. Nxb3 Qxb3 34. c4 Qc3 35. Re3 Qd4 36. c5 Nd5 37. Re8+ Kh7 38. Qd6 Qd1+ 39. Kh2 Ngf4 40. Re5 Qf1 0-1

[Event "Oberliga Bayern 1213"]
[Site "Bayern"]
[Date "2013.03.17"]
[Round "8.6"]
[White "Giss, Arthur"]
[Black "Ter Akopyan, Bagrat"]
[Result "1-0"]
[WhiteElo "2052"]
[BlackElo "2007"]
[PlyCount "95"]
[EventDate "2012.10.14"]
[EventType "team-tourn"]
[EventRounds "9"]
[EventCountry "GER"]
[SourceTitle "EXT 2015"]
[Source "ChessBase"]
[SourceDate "2014.11.20"]
[SourceVersion "1"]
[SourceVersionDate "2014.11.20"]
[SourceQuality "1"]
[WhiteTeam "Dillingen"]
[BlackTeam "Puschendorf"]
[WhiteTeamCountry "GER"]
[BlackTeamCountry "GER"]

1. e4 g6 2. d4 Bg7 3. Nc3 d6 4. Be3 e5 5. Nf3 Nc6 6. Bb5 exd4 7. Bxd4 Nf6 8. e5 dxe5 9. Nxe5 Qd6 10. Nc4 Qe6+ 11. Qe2 0-0 12. Bxc6 Qxc6 13. 0-0-0 Re8 14. Ne3 a6 15. Qc4 Qxc4 16. Nxc4 Be6 17. Ne3 b6 18. Rhe1 h5 19. h3 c5 20. Bxf6 Bxf6 21. Ncd5 Bxd5 22. Nxd5 Bg7 23. Nxb6 Rxe1 24. Rxe1 Rb8 25. Nc4 Bf6 26. c3 Kg7 27. Kc2 h4 28. Re2 Rc8 29. Nd6 Rc6 30. Ne8+ Kh6 31. Nxf6 Rxf6 32. Kd3 Rf4 33. a3 Kg7 34. f3 Kf6 35. Re4 Rf5 36. Rxh4 Rd5+ 37. Ke2 Rd6 38. Rf4+ Ke7 39. Rc4 Rd5 40. b4 cxb4 41. cxb4 Kd6 42. Ke3 Rb5 43. f4 a5 44. Rc5 Rxc5 45. bxc5+ Kxc5 46. g4 Kd5 47. h4 Ke6 48. Ke4 1-0

[Event "Oberliga Bayern 1213"]
[Site "Bayern"]
[Date "2012.11.11"]
[Round "2.6"]
[White "Ter Akopyan, Bagrat"]
[Black "Monninger, Moritz Franz"]
[Result "0-1"]
[WhiteElo "2007"]
[BlackElo "2094"]
[PlyCount "64"]
[EventDate "2012.10.14"]
[EventType "team-tourn"]
[EventRounds "9"]
[EventCountry "GER"]
[SourceTitle "EXT 2015"]
[Source "ChessBase"]
[SourceDate "2014.11.20"]
[SourceVersion "1"]
[SourceVersionDate "2014.11.20"]
[SourceQuality "1"]
[WhiteTeam "Puschendorf"]
[BlackTeam "Muenchen Tarrasch"]
[WhiteTeamCountry "GER"]
[BlackTeamCountry "GER"]

1. e4 d5 2. exd5 Qxd5 3. Nc3 Qa5 4. Bc4 c6 5. d4 Nf6 6. Bd2 Bf5 7. Nf3 e6 8. Ne5 Nbd7 9. Qe2 Qc7 10. 0-0-0 b5 11. Nxd7 Nxd7 12. Bd3 Bxd3 13. Qxd3 Bb4 14. Ne4 Bxd2+ 15. Qxd2 0-0 16. h4 Nb6 17. Kb1 Nc4 18. Qc1 e5 19. h5 h6 20. g4 exd4 21. g5 Qe5 22. Rde1 hxg5 23. Nxg5 Qf5 24. Ne4 Rae8 25. Rh4 Re6 26. Rf4 Qh7 27. Qd1 Rfe8 28. f3 f5 29. Rg1 fxe4 30. Rfg4 R6e7 31. Qxd4 exf3 32. a3 Ne3 0-1

[Event "Landesliga Nord 1112"]
[Site "Bayern"]
[Date "2011.11.20"]
[Round "3.6"]
[White "Kuegel, Konrad"]
[Black "Ter Akopyan, Bagrat"]
[Result "0-1"]
[WhiteElo "2032"]
[BlackElo "2050"]
[PlyCount "102"]
[EventDate "2011.10.02"]
[EventType "team-tourn"]
[EventRounds "9"]
[EventCountry "GER"]
[SourceTitle "EXT 2013"]
[Source "ChessBase"]
[SourceDate "2012.11.22"]
[SourceVersion "1"]
[SourceVersionDate "2012.11.22"]
[SourceQuality "1"]
[WhiteTeam "Schweinfurt"]
[BlackTeam "Puschendorf"]
[WhiteTeamCountry "GER"]
[BlackTeamCountry "GER"]

1. d4 Nf6 2. Nf3 c5 3. e3 e6 4. Be2 Be7 5. 0-0 b6 6. c4 Bb7 7. Nc3 d6 8. d5 exd5 9. cxd5 Nbd7 10. e4 a6 11. a4 Nf8 12. Nd2 Ng6 13. f4 0-0 14. g3 Re8 15. Bf3 Bf8 16. Re1 Rc8 17. Nc4 Rb8 18. Bd2 Ba8 19. Qc2 b5 20. axb5 axb5 21. Na5 Qd7 22. Nc6 Bxc6 23. dxc6 Qxc6 24. Re3 c4 25. Kg2 Qc5 26. Ree1 h5 27. Be3 Qc8 28. h3 h4 29. g4 b4 30. Ne2 Nd5 31. Bd2 b3 32. Qc1 Nb4 33. Bxb4 Rxb4 34. Nc3 Rb8 35. Nd5 Qc5 36. Qc3 Ra8 37. Rec1 Rxa1 38. Rxa1 Rc8 39. Ra5 Qc6 40. e5 Qe8 41. Be4 dxe5 42. Bxg6 exf4 43. Qf3 fxg6 44. Nxf4 Bb4 45. Qd5+ Kh7 46. Rb5 Rd8 47. Qxc4 Rd2+ 48. Kf3 Qe1 49. Ne2 Qf1+ 50. Ke3 Qxh3+ 51. Kf2 Qg3+ 0-1

[Event "Nuremberg LGA Cup 8th"]
[Site "Nuremberg"]
[Date "2011.09.11"]
[Round "7"]
[White "Kunz, Konstantin"]
[Black "Ter Akopyan, Bagrat"]
[Result "1/2-1/2"]
[WhiteElo "2107"]
[BlackElo "2023"]
[PlyCount "152"]
[EventDate "2011.09.08"]
[EventType "swiss"]
[EventRounds "7"]
[EventCountry "GER"]
[SourceTitle "CBM 144 Extra"]
[Source "ChessBase"]
[SourceDate "2011.10.28"]
[SourceVersion "1"]
[SourceVersionDate "2011.10.28"]
[SourceQuality "1"]

1. d4 Nf6 2. Nf3 c5 3. e3 d5 4. c3 Nc6 5. Ne5 Nxe5 6. dxe5 Ng8 7. Nd2 e6 8. f4 Ne7 9. Nf3 Bd7 10. Bd3 Qb6 11. a4 Rd8 12. 0-0 Bc6 13. a5 Qc7 14. b4 g6 15. Qe2 d4 16. exd4 cxb4 17. cxb4 Nf5 18. Bxf5 gxf5 19. b5 Bd5 20. Be3 Qc4 21. Qxc4 Bxc4 22. Rfb1 Rg8 23. Kf2 Bd5 24. Rc1 Kd7 25. g3 Be7 26. Bd2 h6 27. Ke3 Rc8 28. Ne1 Rxc1 29. Rxc1 Rc8 30. Rxc8 Kxc8 31. Kd3 a6 32. bxa6 bxa6 33. Ke3 Kc7 34. Nd3 Kc6 35. Bb4 Bd8 36. Bf8 h5 37. Nb4+ Kb5 38. Nxd5 exd5 39. h3 Kxa5 40. g4 hxg4 41. hxg4 fxg4 42. f5 Bg5+ 43. Kf2 Kb6 44. Kg3 Kc7 45. Kxg4 Bd2 46. Kf3 Bg5 47. Ke2 Kc6 48. Kd3 Bd8 49. Bc5 Kd7 50. Kc3 Ba5+ 51. Kb3 Bc7 52. Kb4 Bd8 53. Ka4 Kc6 54. Kb3 Kd7 55. Kc2 Kc6 56. Kd3 Kd7 57. Ke2 Kc6 58. Kf3 Kd7 59. Kg4 Ke8 60. Kf3 Kd7 61. Kf4 Bh4 62. Kg4 Bd8 63. Kf3 Ba5 64. Ke3 Bd8 65. Kd3 Kc6 66. e6 fxe6 67. fxe6 Bf6 68. Ke3 Kc7 69. Kf4 Kd8 70. Kf5 Bh8 71. Kf4 a5 72. Ke3 a4 73. Kd3 Bg7 74. Kc3 Bf6 75. Ba3 Bh4 76. Bc5 Bf6 1/2-1/2

[Event "Nuremberg LGA Cup 8th"]
[Site "Nuremberg"]
[Date "2011.09.08"]
[Round "1"]
[White "Ter Akopyan, Bagrat"]
[Black "Donchenko, Anatoly G"]
[Result "0-1"]
[WhiteElo "2023"]
[BlackElo "2329"]
[PlyCount "118"]
[EventDate "2011.09.08"]
[EventType "swiss"]
[EventRounds "7"]
[EventCountry "GER"]
[SourceTitle "CBM 144 Extra"]
[Source "ChessBase"]
[SourceDate "2011.10.28"]
[SourceVersion "1"]
[SourceVersionDate "2011.10.28"]
[SourceQuality "1"]

1. Nf3 Nf6 2. g3 b5 3. Bg2 Bb7 4. 0-0 e6 5. d3 d6 6. b3 c5 7. Bb2 Be7 8. Nbd2 0-0 9. e3 Nbd7 10. Qe2 Qc7 11. h3 a5 12. Rfe1 a4 13. Nf1 a3 14. Bc3 Nd5 15. Bd2 Bf6 16. d4 b4 17. e4 Ba6 18. Qd1 N5b6 19. Be3 Rac8 20. g4 d5 21. Ng3 dxe4 22. Nxe4 Nd5 23. Nxf6+ N7xf6 24. Ne5 Bb7 25. Nc4 Rfd8 26. Bg5 Nc3 27. Bxf6 Nxd1 28. Bxd8 Rxd8 29. Raxd1 Bxg2 30. Kxg2 Rxd4 31. Rxd4 cxd4 32. Re4 Qd8 33. f3 d3 34. cxd3 Qxd3 35. Kf2 g5 36. Ne5 Qc2+ 37. Re2 Qc5+ 38. Kg2 Kg7 39. Nc4 Qd4 40. Rd2 Qc3 41. Kf2 h5 42. gxh5 Kh6 43. Re2 Kxh5 44. Ne5 Qc7 45. Re4 Qc5+ 46. Kf1 Qc1+ 47. Kf2 Qd2+ 48. Re2 Qf4 49. Ke1 Kh6 50. Re4 Qc1+ 51. Kf2 Qc2+ 52. Re2 Qc5+ 53. Kg2 Kg7 54. Nc4 Qd4 55. Rd2 Qc3 56. Kf2 f6 57. Re2 e5 58. Nd2 Qc8 59. Kg2 Qc2 0-1

[Event "Staufer op 21st"]
[Site "Schwaebisch Gmuend"]
[Date "2009.01.05"]
[Round "8"]
[White "Ter Akopyan, Bagrat"]
[Black "Fruebing, Stefan"]
[Result "0-1"]
[WhiteElo "1999"]
[BlackElo "2307"]
[PlyCount "86"]
[EventDate "2009.01.02"]
[EventType "swiss"]
[EventRounds "9"]
[EventCountry "GER"]
[SourceTitle "CBM 128 Extra"]
[Source "ChessBase"]
[SourceDate "2009.03.05"]
[SourceVersion "2"]
[SourceVersionDate "2009.03.25"]
[SourceQuality "1"]

1. d4 Nf6 2. g3 g6 3. Bg2 Bg7 4. e4 d6 5. Nc3 0-0 6. h3 e5 7. Nge2 c6 8. Be3 Re8 9. a4 a5 10. 0-0 Nbd7 11. Qd2 Nf8 12. Rad1 Qe7 13. Rfe1 h5 14. f4 exf4 15. Bxf4 N6h7 16. Kh1 g5 17. Be3 Ng6 18. Ng1 g4 19. h4 Nxh4 20. gxh4 Qxh4+ 21. Bh3 gxh3 22. Qf2 Qxf2 23. Bxf2 Bg4 24. Rd3 Ng5 25. Bh4 Ne6 26. Nce2 f5 27. exf5 Bxf5 28. Rd2 Bh6 29. Rdd1 Bxc2 30. Ra1 Bf5 31. Rf1 Bg4 32. Bg3 Ng5 33. Nf4 Bg7 34. d5 Ne4 35. Bh4 Bxb2 36. Rab1 Nd2 37. Rxb2 Nxf1 38. Ngxh3 Ne3 39. Rxb7 Rab8 40. Ra7 Nxd5 41. Nxd5 Bf3+ 42. Kh2 Rb2+ 43. Kg3 Bxd5 0-1

[Event "Nuremberg LGA Cup 5th"]
[Site "Nuremberg"]
[Date "2008.09.06"]
[Round "5.48"]
[White "Urytskyy, Arkadiy"]
[Black "Ter Akopyan, Bagrat"]
[Result "1-0"]
[WhiteElo "2166"]
[BlackElo "2018"]
[PlyCount "81"]
[EventDate "2008.09.04"]
[EventType "swiss"]
[EventRounds "7"]
[EventCountry "GER"]
[SourceTitle "EXT 2022"]
[Source "ChessBase"]
[SourceDate "2021.10.06"]
[SourceVersion "1"]
[SourceVersionDate "2021.10.06"]
[SourceQuality "1"]

1. Nf3 g6 2. g3 Bg7 3. Bg2 c5 4. 0-0 Nc6 5. c4 d6 6. Nc3 Nf6 7. d4 cxd4 8. Nxd4 Bd7 9. b3 0-0 10. e3 Qc8 11. Bb2 Bh3 12. Nd5 Bxg2 13. Kxg2 Nxd5 14. cxd5 Ne5 15. h3 Qc5 16. e4 Rae8 17. Qd2 Nd7 18. Rac1 Qb6 19. Rc2 Nc5 20. f3 e5 21. dxe6 fxe6 22. b4 Nd7 23. a4 Nf6 24. a5 Qd8 25. Nb5 d5 26. e5 Nh5 27. Nd6 Re7 28. Rc8 Qd7 29. Rxf8+ Bxf8 30. g4 Ng7 31. Qd4 Ne8 32. Rc1 Nxd6 33. exd6 Bg7 34. Qc5 Bxb2 35. Qc8+ Kf7 36. dxe7 Qxc8 37. Rxc8 Kxe7 38. Rc7+ Kd6 39. Rxb7 Bd4 40. b5 h6 41. a6 1-0